| 000 | 00734pam a2200241 i 4500 | ||
|---|---|---|---|
| 001 | 1353718 | ||
| 005 | 20210414113846.0 | ||
| 008 | 800807t19801961pau b 000 0 eng | ||
| 010 | _a 80008044 | ||
| 020 |
_a0800614283 (pbk.) : _c$7.95 |
||
| 040 |
_aDLC _cDLC _dDLC |
||
| 050 | 0 | 0 | _aBV186.5.T5 |
| 082 | 0 | 0 |
_a264 _219 |
| 100 | 1 |
_aThompson, Bard, _d1925- _eed. |
|
| 245 | 1 | 0 |
_aLiturgies of the Western church / _cselected and introduced by Bard Thompson. |
| 250 | _a1st Fortress Press ed. | ||
| 260 |
_aPhiladelphia : _bFortress Press, _c1980, c1961. |
||
| 300 |
_axiv, 434 p. ; _c21 cm. |
||
| 504 | _aBibliography: p. xiii-xiv. | ||
| 650 | 0 | _aLiturgies. | |
| 906 |
_a7 _bcbc _corignew _d1 _eocip _f19 _gy-gencatlg |
||
| 942 |
_2lcc _cBK |
||
| 999 |
_c129 _d7629 |
||